Spell the Marvel Character #237 - Statistics

General Stats
  • This quiz has been taken 10 times
  • The average score is 6 of 6
Answer Stats
Picture Answer % Correct
Daredevil
100%
Echo
100%
She-Hulk
100%
Energizer
89%
Speed
89%
Phyla-Vell
78%
No matching quizzes found
Score Distribution
Percent of People with Each Score
Percentile by Number Answered
Your Score History
You have not taken this quiz